000 00638nam a2200241Ia 4500
003 OSt
005 20220918174808.0
006 a|||||r|||| 00| 0
007 ta
008 220917b |||||||| |||| 00| 0 eng d
024 _a14,191
037 _cTextual
040 _aARTS
_cARTS
_beng
041 _2eng
_aeng
082 _aNT.1.N6, L1
100 _aLewis Allan
_951803
245 0 _aContemporary theater
_b the significant playwrights of our time
260 _aNew York
_bCrown
_c1971
300 _aix,374p.
_ccm.
650 _aARTS
942 _hNT.1.N6, L1
_cTEXL
_2CC
999 _c154746
_d154746